Ochrana hospodárskej súťaže v územnej samospráve
Článok sa zaoberá ochranou hospodárskej súťaže v územnej samospráve, niektorými formami nedovoleného obmedzovania hospodárskej súťaže, rozhodnutiami vo veci porušenia hospodárskej súťaže zo strany územnej samosprávy a tiež konaním vo veci ochrany hospodárskej súťaže a konaním o správnej žalobe.
Uložené v:
| Hlavný autor: | |
|---|---|
| Médium: | Kapitola |
| Jazyk: | Slovak |
| Predmet: | |
| Tagy: |
Žiadne tagy, Buďte prvý, kto otaguje tento záznam!
|
MARC
| LEADER | 00000naa a2200000 4500 | ||
|---|---|---|---|
| 001 | 0305745 | ||
| 005 | 20241219095346.0 | ||
| 041 | 0 | |a slo | |
| 044 | |a SK | ||
| 245 | 1 | 0 | |a Ochrana hospodárskej súťaže v územnej samospráve |c Anton Ukropec |
| 520 | |a Článok sa zaoberá ochranou hospodárskej súťaže v územnej samospráve, niektorými formami nedovoleného obmedzovania hospodárskej súťaže, rozhodnutiami vo veci porušenia hospodárskej súťaže zo strany územnej samosprávy a tiež konaním vo veci ochrany hospodárskej súťaže a konaním o správnej žalobe. | ||
| 610 | 2 | 0 | |a ochrana súťaže hospodárskej |
| 610 | 2 | 0 | |a samospráva |
| 610 | 2 | 0 | |a súťaž hospodárska |
| 610 | 2 | 0 | |a žaloby |
| 610 | 2 | 0 | |a právo správne |
| 100 | 1 | |a Ukropec, Anton | |